000 00415nam a22001697a 4500
003 NUST - PNEC
005 20170116181117.0
008 151004b xxu||||| |||| 00| 0 eng d
020 _a-
040 _cLIBRARY
082 _a669 COT
100 _913302
_aCottrell, A.H.
245 _aTheoretical structure metallurgy
_cA.H. Cottrell
260 _cc.1962
650 _913304
_aMetallurgy
_xME
942 _2ddc
_cBK
999 _c69412
_d69412